| 000 | 00583nam a2200229Ia 4500 | ||
|---|---|---|---|
| 003 | OSt | ||
| 005 | 20251117123922.0 | ||
| 008 | 210210b2008 xxu||||| |||| 00| 0 eng d | ||
| 040 | _cAL | ||
| 041 | _aKannada | ||
| 082 | _a923.1K MANM | ||
| 100 |
_aMANGLURA VIJAYA _d ಮಂಗಳೂರ ವಿಜಯ _9245953 |
||
| 245 |
_aMavo _bಮಾವೋ |
||
| 260 |
_aBengaluru _bNot Mentioned _c2008 |
||
| 300 | _axix-99 | ||
| 650 |
_amukha _9245954 |
||
| 650 |
_aMavo _9245955 |
||
| 650 |
_aMaremachalada _9245956 |
||
| 690 |
_aBiography _9245957 |
||
| 906 | _a063575 | ||
| 942 |
_2ddc _cBK |
||
| 999 |
_c138433 _d138433 |
||